| 000 | 01448nam a2200301 a 4500 | ||
|---|---|---|---|
| 001 | BRCA_4930 | ||
| 005 | 20190320204850.0 | ||
| 008 | 211010s1812----mx-######v---#000-0#spa-# | ||
| 041 | _aspa | ||
| 044 | _amx | ||
| 084 |
_aDOC33 _b.L67 _c1812 |
||
| 100 | 1 |
_aLópez Rayón, Ramón _d1775-1839 _912441 |
|
| 245 | 1 | 0 |
_aDocumento firmado por Ramón López Rayón _cRamón López Rayón, José Manuel Correa. |
| 260 |
_aChiapas el Viejo, México _c1812 |
||
| 300 |
_a[2] fojas _c21 x 15 cm |
||
| 500 | _aDocumento firmado el 16 de agosto de 1812 | ||
| 500 | _aDocumento autógrafa de Don Ramón López Rayón dirigida a Brigader Don José Manuel Correa desde Chiapas el Viejo el 16 de agosto de 1812. En ella le pide se reuna con él en su campamento junto con sus hombres y armas, a fin de dar el golpe sobre Tlahuililpan, Tula, Zumpango | ||
| 500 | _aEl documento tiene la leyenda DOC. #42 | ||
| 500 | _aPapel con marca de agua | ||
| 500 | _aEstado de conservación: Contiene acidificación, anotaciones con tinta roja, la segunda foja esta incompleta | ||
| 506 | 0 | _aFondo reservado: para su consulta es necesario credencial de usuario y carta de motivos | |
| 546 | _aTexto en: español de principios del siglo XIX | ||
| 600 | 1 | 4 |
_aLópez Rayón, Ramón _d1775-1839 _912441 |
| 651 | 4 |
_aMéxico _vManuscrito _xHistoria _yGuerra de Independencia, 1810-1821 _912432 |
|
| 700 | 1 |
_aCorrea, José Manuel _912514 |
|
| 902 | _aFDH | ||
| 942 |
_2lcc _cD |
||
| 999 |
_c4624 _d4624 |
||